|
|
|
|
| LEADER |
00000nab a2200000 ar4500 |
| 001 |
vtls010187237 |
| 003 |
SK-MaSNL |
| 005 |
20260305035238.0 |
| 008 |
250507c2010 xo ||||||||||||00 b|slo |
| 015 |
|
|
|a SNBRB2010/11
|2 snkbucl
|
| 035 |
|
|
|a (sysno)vtls010187237
|
| 035 |
|
|
|a urn:nbn:sk:snk-ab7d82
|
| 035 |
|
|
|a (uuid)283af0fb-d882-4525-9ff6-9b6ca85e3bdb
|
| 035 |
|
|
|a (urnnbn)urn:nbn:sk:snk:ar-a07nn3
|
| 038 |
|
|
|a SNKBUCL
|
| 040 |
|
|
|a SNKBUCL
|b slo
|c SNKBUCL
|e AACR2
|
| 041 |
0 |
|
|a slo
|
| 044 |
|
|
|a xo
|c SK
|
| 080 |
|
|
|a 796.52.015
|2 2001
|
| 100 |
1 |
|
|a Slivka, Peter
|4 aut
|9 617429
|
| 245 |
1 |
0 |
|a Lezecký tréning
|n (8. časť)
|c Peter Slivka
|
| 300 |
|
|
|b Fotogr.
|
| 500 |
|
|
|a Zmena názvu časopisu Jamesák
|
| 650 |
0 |
7 |
|a športové lezenie
|2 snkbucl
|9 29125
|
| 650 |
0 |
7 |
|a športový tréning
|2 snkbucl
|9 163263
|
| 650 |
0 |
7 |
|a metodika
|2 snkbucl
|9 280023
|
| 773 |
0 |
|
|t Horolezec
|g Roč. 42, č. 5 (2010), s. 30-31
|x 1335-3896
|
| 850 |
|
|
|a Slovenská národná knižnica
|
| 852 |
|
|
|a Slovenská národná knižnica
|
| 954 |
|
|
|a odborná, vedecká literatúra pôvodná (slovenská)
|2 lita
|
| 958 |
|
|
|a article27
|
| 958 |
|
|
|a OND
|
| 958 |
|
|
|a EUIPO
|
| 999 |
|
|
|c 3332811
|d 3334741
|